Fáma : hra v 2 častiach /

Hlavní autor: Salynskij, Afanasij Dmitrijevič, 1920-1993
Jazyk: Slovenština
Vydáno: Bratislava : Slovenská literárna agentúra, 1982
Fyzický popis: 64 s.
Knihy
Uloženo v:
LEADER 00765nam a22002292a 4500
001 000921322
003 CZ BrMZK
005 20081114072348.0
007 ta
008 081114s1982 xo er|||||||||||slo d
040 |a BOA001  |b cze 
041 1 |a slo  |h rus 
080 9 |a 882-2=854 
100 1 |a Salynskij, Afanasij Dmitrijevič,  |d 1920-1993  |7 jo2005273690  |4 aut 
245 1 0 |a Fáma :  |b hra v 2 častiach /  |c Afanasij Dmitrijevič Salynskij ; z ruského originálu ... preložil Ján Ferenčík 
260 |a Bratislava :  |b Slovenská literárna agentúra,  |c 1982 
300 |a 64 s. 
765 0 |t Molva  |9 Slovensky 
910 |a BOA001  |b 4-0852.921 
990 |a BK 
991 |b 200811 
996 6 |b BC-618065  |c 4-0852.921  |l MZK  |r Sklad / do 1 hodiny  |n 0  |w 000921322  |u 000010  |a 1  |e BOA001  |j MZK50  |s P